لن ندخل النار في ضوء الكتاب و السنة / (رقم التسجيلة. 106621)

تفاصيل مارك
000 -الفاتح
عناصر البيانات ثابتة الطول 00729cam a2200205 i 4500
005 - تاريخ ووقت آخر معاملة
حقل ضبط 20251207103248.0
008 - عناصر البيانات ثابتة الطول
عناصر البيانات ثابتة الطول 250721r2007 ue gr 000 0 ara d
082 14 - رقم تصنيف ديوي العشري
رقم التصنيف 214.5
رقم المادة ع ن ب
100 1# - مدخل رئيسي – اسم شخصي
الاسم الشخصي عنبوه، مصطفى محمد
علاقة الشخص بالعمل/ دوره مؤلف.
245 10 - بيان العنوان
العنوان لن ندخل النار في ضوء الكتاب و السنة /
بيان المسؤولية تاليف مصطفى محمد محمد عنبوه.
264 31 - بيانات النشر، التوزيع…إلخ
مكان النشر، التوزيع...إلخ المنصورة :
اسم الناشر، الموزع...إلخ مكتبة الإيمان،
تاريخ النشر، التوزيع...إلخ 2007.
300 ## - الوصف المادي
عدد الوحدات المكونة للوعاء 256 صفحة.
650 17 - مدخل إضافي بالموضوع - مصطلح موضوعي
مصطلح موضوعي أو اسم جغرافي كعنصر مدخل العقيدة الإسلامية.
650 17 - مدخل إضافي بالموضوع - مصطلح موضوعي
مصطلح موضوعي أو اسم جغرافي كعنصر مدخل الإسلام.
650 17 - مدخل إضافي بالموضوع - مصطلح موضوعي
مصطلح موضوعي أو اسم جغرافي كعنصر مدخل القرآن الكريم.
650 17 - مدخل إضافي بالموضوع - مصطلح موضوعي
مصطلح موضوعي أو اسم جغرافي كعنصر مدخل الحديث الشريف.
650 17 - مدخل إضافي بالموضوع - مصطلح موضوعي
مصطلح موضوعي أو اسم جغرافي كعنصر مدخل جهنم.
942 ## - بيانات إضافية (كوها)
نوع التنصيف Dewey Decimal Classification
نوع المادة (كوها) كتب
المقتنيات
حالة السحب حالة الفقدان مصدر التصنيف حالة التلف غير قابل للإعارة المكتبة الرئيسية المكتبة الحالية موقع الرف تاريخ التزويد الرقم المتسلسل Total Checkouts رقم الإستدعاء الباركود تاريخ آخر ظهور تاريخ الفاتورة نوع المادة (كوها)
    Dewey Decimal Classification     المكتبة المركزية المكتبة المركزية الإعارة 28/07/2025 1095319   214.5 / ع ن ب 1095319 28/07/2025 28/07/2025 كتب
    Dewey Decimal Classification   Not For Loan المكتبة المركزية المكتبة المركزية مقتنيات قسم التزويد 28/07/2025 1095320   214.5/عنب 1095320 28/07/2025 28/07/2025 كتب
    Dewey Decimal Classification   Not For Loan المكتبة المركزية المكتبة المركزية مقتنيات قسم التزويد 28/07/2025 1095321   214.5/عنب 1095321 28/07/2025 28/07/2025 كتب
    Dewey Decimal Classification   Not For Loan المكتبة المركزية المكتبة المركزية مقتنيات قسم التزويد 28/07/2025 1095322   214.5/عنب 1095322 28/07/2025 28/07/2025 كتب
    Dewey Decimal Classification     مكتبة أبو علندا العامة مكتبة أبو علندا العامة الإعارة 28/07/2025 1095327   214.5/عنب 1095327 28/07/2025 28/07/2025 كتب
    Dewey Decimal Classification     مكتبة الأميرة ايمان العامة مكتبة الأميرة ايمان العامة الإعارة 28/07/2025 1095323   214.5/عنب 1095323 28/07/2025 28/07/2025 كتب
    Dewey Decimal Classification     مكتبة الحسن العامة مكتبة الحسن العامة الإعارة 28/07/2025 1095325   214.5/عنب 1095325 28/07/2025 28/07/2025 كتب
    Dewey Decimal Classification     مكتبة حمزة العامة مكتبة حمزة العامة الإعارة 28/07/2025 1095326   214.5/عنب 1095326 28/07/2025 28/07/2025 كتب
    Dewey Decimal Classification     مكتبة صويلح العامة مكتبة صويلح العامة الإعارة 28/07/2025 1095324   214.5/عنب 1095324 28/07/2025 28/07/2025 كتب
Implemented & Customized by: BBB with SCIT (Smart Chains for Information Technology)

Powered by Koha